000 00811nam a2200241Ia 4500
003 OSt
005 20220923223457.0
006 a|||||r|||| 00| 0
007 ta
008 220922b |||||||| |||| 00| 0 hin d
024 _a217,442
037 _cTextual
040 _aARTS
_cARTS
_bhin
041 _2hin
_ahin
082 _aY15(Q2), 152P3
100 _aजड़िया, प्रभावती
_9156292
245 0 _aहिन्दू नारी कार्यशीलता के बदलते आयाम
246 _aHindū nārī kāryashīlatā ke badalate āyāma
260 _aदिल्ली
_b अर्जुन
_c2003
300 _a229i`
_ccm.
942 _hY15(Q2), 152P3
_cTEXL
_2CC
999 _c365601
_d365601